00532nam a2200157 i 4500001000300000100002000003245009000023260002100113040000800134041000800142942000700150008004100157999001700198856009800215952006100313bg1 aMORTIMER, Zofia 0aZastosowanie programowania liniowego i statystyki matematycznej... /cZofia Mortimer. aWrocław,c1976. cBPK apol cKS s pl f |000 0 pol  c17201d17201 uhttp://koha.tu.koszalin.pl/cgi-bin/koha/opac-detail.pl?biblionumber=17201yKatalog online BPK 00104070aBPKbBPKcwo21858p01698985s2017-10-09yKS